All Pokémon with Anticipation - Statistics

General Stats
  • This quiz has been taken 5 times
  • The average score is 10 of 13
Answer Stats
(Avail)ability Pokémon % Correct
Second Ability Barboach
100%
First Ability Croagunk
100%
First Ability Toxicroak
100%
Second Ability Whiscash
100%
Second Ability Hatenna
80%
Second Ability Hatterene
80%
Second Ability Hattrem
80%
First Ability Wormadam
80%
Hidden Ability Eevee
60%
First Ability Flittle
60%
Hidden Ability Ferrothorn
40%
Hidden Ability Galarian Ponyta
40%
Hidden Ability Galarian Rapidash
40%
No matching quizzes found
Score Distribution
Percent of People with Each Score
Percentile by Number Answered
Your Score History
You have not taken this quiz